[Event "2. Bundesliga Mitte 2011/12"]
[Site "St.Valentin"]
[Date "2011.10.21"]
[Round "1"]
[Board "3"]
[White "Felsberger, Alfred"]
[Black "Radnetter, Georg"]
[Result "1-0"]
[WhiteElo "2361"]
[BlackElo "2269"]
[PlyCount "75"]
[EventDate "2011.10.21"]
[EventType "team"]
[EventRounds "11"]
[EventCountry "AUT"]
[WhiteTeam "Union Ansfelden"]
[BlackTeam "SK Sparkasse Fuerstenfeld"]

1.e4 e6 2.d4 d5 3.Nc3 Nf6 4.e5 Nfd7 5.f4 c5 6.Nf3 Nc6 7.Be3 Qb6 8.Na4 Qa5+ 9.c3
cxd4 10.b4 Nxb4 11.cxb4 Bxb4+ 12.Bd2 Bxd2+ 13.Nxd2 O-O 14.Be2 d3 15.Bxd3 Qb4
16.Rf1 b5 17.Qc2 Qxa4 18.Bxh7+ Kh8 19.Qd3 g6 20.Bxg6 Kg7 21.Bh5 Rh8 22.Bd1 Qb4
23.Rb1 Qe7 24.Nf3 Nc5 25.Qe3 b4 26.Ng5 Ne4 27.Bc2 Ba6 28.Bxe4 dxe4 29.f5 exf5
30.Rxf5 Rxh2 31.Rxf7+ Qxf7 32.Nxf7 Rh1+ 33.Kd2 Rxb1 34.e6 Rh1 35.Qg5+ Kh7
36.Qf5+ Kg7 37.Qe5+ Kg8 38.Qxe4 1-0

[Event "2. Bundesliga Mitte 2011/12"]
[Site "St.Valentin"]
[Date "2011.10.21"]
[Round "1"]
[Board "4"]
[White "Rabel, Christoph"]
[Black "Ennsberger, Ulrich"]
[Result "0-1"]
[WhiteElo "2245"]
[BlackElo "2373"]
[PlyCount "64"]
[EventDate "2011.10.21"]
[EventType "team"]
[EventRounds "11"]
[EventCountry "AUT"]
[WhiteTeam "SK Sparkasse Fuerstenfeld"]
[BlackTeam "Union Ansfelden"]

1.Nc3 d5 2.e4 c6 3.Nf3 Bg4 4.h3 Bh5 5.d4 dxe4 6.Nxe4 Nf6 7.Nxf6+ gxf6 8.Be3 e6
9.Bc4 Nd7 10.Qe2 Qc7 11.O-O-O O-O-O 12.Kb1 Bd6 13.Bc1 Bf4 14.Bxf4 Qxf4 15.Qe3
Qxe3 16.fxe3 f5 17.Rdf1 Rdg8 18.Ne1 Rg3 19.Kc1 Rxe3 20.g4 Bg6 21.Ng2 Rg3 22.gxf5
Bxf5 23.Nh4 Be4 24.Rh2 Rf8 25.Rf4 Bd5 26.Bd3 f5 27.Kd2 b5 28.b3 b4 29.Ke2 Nf6
30.Kf2 Nh5 31.Nxf5 exf5 32.Rxf5 Rf3+ 0-1

[Event "2. Bundesliga Mitte 2011/12"]
[Site "St.Valentin"]
[Date "2011.10.21"]
[Round "1"]
[Board "6"]
[White "Hatzl, Johannes"]
[Black "Casagrande, Harald"]
[Result "0-1"]
[WhiteElo "2103"]
[BlackElo "2321"]
[PlyCount "139"]
[EventDate "2011.10.21"]
[EventType "team"]
[EventRounds "11"]
[EventCountry "AUT"]
[WhiteTeam "SK Sparkasse Fuerstenfeld"]
[BlackTeam "Union Ansfelden"]

1.e4 d5 2.exd5 Qxd5 3.Nc3 Qa5 4.Bc4 Nf6 5.d4 c6 6.Qe2 Bf5 7.Nf3 e6 8.O-O Bd6
9.h3 Nbd7 10.Nh4 O-O 11.Nxf5 exf5 12.Qf3 g6 13.Bf4 Qc7 14.Bxd6 Qxd6 15.Rad1 Nb6
16.Bb3 Rad8 17.Rfe1 Rd7 18.a3 Rfd8 19.Na4 Nxa4 20.Bxa4 Qd5 21.Qxd5 Rxd5 22.c3
Kf8 23.f3 f4 24.b4 R5d6 25.Bb3 Nd5 26.Bxd5 cxd5 27.Kf2 Rc8 28.Rd3 Rdc6 29.Rc1
Re8 30.a4 Rc4 31.Re1 Rxe1 32.Kxe1 a5 33.bxa5 Rxa4 34.Rd2 Rxa5 35.Rb2 b5 36.Re2
Ra6 37.Rb2 Rb6 38.Kf2 Ke7 39.g3 g5 40.Re2+ Re6 41.Rb2 Rb6 42.Re2+ Kd6 43.gxf4
gxf4 44.Re5 Rc6 45.Rf5 Rxc3 46.Rf6+ Ke7 47.Rxf4 Ke6 48.Rh4 Rc7 49.Rxh7 b4 50.Rh8
Rb7 51.Re8+ Kf5 52.Re2 b3 53.Rb2 Kf4 54.h4 Rb5 55.h5 Kg5 56.Ke3 f6 57.h6 Kxh6
58.Kf4 Kg6 59.Rg2+ Kf7 60.Rb2 Ke6 61.Re2+ Kd7 62.Rb2 Kc7 63.Kf5 Rb6 64.f4 Kb7
65.Kg6 Ka6 66.f5 Ka5 67.Rxb3 Rxb3 68.Kxf6 Kb5 69.Ke6 Kc4 70.Ke5 0-1

[Event "2. Bundesliga Mitte 2011/12"]
[Site "St.Valentin"]
[Date "2011.10.22"]
[Round "2"]
[Board "1"]
[White "Stevic, Hrvoje"]
[Black "Kovacs, Gabor"]
[Result "1/2-1/2"]
[WhiteElo "2621"]
[BlackElo "2498"]
[PlyCount "48"]
[EventDate "2011.10.21"]
[EventType "team"]
[EventRounds "11"]
[EventCountry "AUT"]
[WhiteTeam "ZH-Technologies-Wolfsberg"]
[BlackTeam "Union Styria Graz Kleine Zeitung"]

1.e4 e5 2.Nc3 Nf6 3.g3 d5 4.exd5 Nxd5 5.Bg2 Nxc3 6.bxc3 Nc6 7.Nf3 Bc5 8.O-O O-O
9.d3 Bg4 10.h3 Bh5 11.Qe1 f6 12.Nd2 Qd7 13.Ne4 Bb6 14.Ba3 Rfd8 15.g4 Bf7 16.Kh1
Kh8 17.f4 exf4 18.d4 Re8 19.Rxf4 Ne7 20.Qf2 Nd5 21.Rf5 Be6 22.Rh5 Bf7 23.Rf5 Be6
24.Rh5 Bf7 1/2-1/2

[Event "2. Bundesliga Mitte 2011/12"]
[Site "St.Valentin"]
[Date "2011.10.22"]
[Round "2"]
[Board "4"]
[White "Wittmann, Walter"]
[Black "Reichmann, Egon"]
[Result "1/2-1/2"]
[WhiteElo "2300"]
[BlackElo "2279"]
[PlyCount "35"]
[EventDate "2011.10.21"]
[EventType "team"]
[EventRounds "11"]
[EventCountry "AUT"]
[WhiteTeam "Union Styria Graz Kleine Zeitung"]
[BlackTeam "ZH-Technologies-Wolfsberg"]

1.e4 e5 2.Nf3 Nc6 3.Nc3 Nf6 4.Bb5 Bb4 5.O-O O-O 6.Bxc6 bxc6 7.Nxe5 Qe8 8.Nf3
Bxc3 9.bxc3 Qxe4 10.d3 Qg4 11.h3 Qh5 12.Nd4 Qd5 13.Be3 c5 14.c4 Qe5 15.Nf3 Qh5
16.Nh2 Qe5 17.Nf3 Qh5 18.Nh2 1/2-1/2

[Event "2. Bundesliga Mitte 2011/12"]
[Site "St.Valentin"]
[Date "2011.10.22"]
[Round "2"]
[Board "5"]
[White "Waldmann, Gerald"]
[Black "Manhardt, Thomas"]
[Result "1-0"]
[WhiteElo "2208"]
[BlackElo "2148"]
[PlyCount "61"]
[EventDate "2011.10.21"]
[EventType "team"]
[EventRounds "11"]
[EventCountry "AUT"]
[WhiteTeam "ZH-Technologies-Wolfsberg"]
[BlackTeam "Union Styria Graz Kleine Zeitung"]

1.e4 c5 2.Nf3 Nc6 3.d4 cxd4 4.Nxd4 Nf6 5.Nc3 e5 6.Ndb5 d6 7.Bg5 a6 8.Na3 b5
9.Nd5 Be7 10.Nxe7 Nxe7 11.Bxf6 gxf6 12.Qf3 f5 13.exf5 Bxf5 14.Bd3 Be6 15.O-O O-O
16.c4 bxc4 17.Nxc4 f5 18.Rfd1 Ng6 19.Qc6 Nf4 20.Qxd6 Qg5 21.Ne3 Rfd8 22.Qxe5 Rd5
23.h4 Rxe5 24.hxg5 Nxd3 25.Rxd3 f4 26.Nc2 Rxg5 27.Rad1 Bxa2 28.Nb4 Bc4 29.Rd4
Bb3 30.R1d3 Rc8 31.Rxb3 1-0

[Event "2. Bundesliga Mitte 2011/12"]
[Site "St.Valentin"]
[Date "2011.10.22"]
[Round "2"]
[Board "6"]
[White "Stagl, Marco"]
[Black "Toefferl, Heimo"]
[Result "1/2-1/2"]
[WhiteElo "2124"]
[BlackElo "2102"]
[PlyCount "145"]
[EventDate "2011.10.21"]
[EventType "team"]
[EventRounds "11"]
[EventCountry "AUT"]
[WhiteTeam "Union Styria Graz Kleine Zeitung"]
[BlackTeam "ZH-Technologies-Wolfsberg"]

1.d4 e6 2.g3 d5 3.Bg2 c6 4.Nd2 f5 5.c4 Bd6 6.Qc2 Ne7 7.Ndf3 O-O 8.Nh3 Ng6 9.O-O
Nd7 10.Nf4 Qe8 11.Nd3 dxc4 12.Qxc4 Nb6 13.Qc2 Bd7 14.e3 Rc8 15.b4 Nd5 16.a3 b6
17.Qb3 Kh8 18.Bb2 Nf6 19.Rac1 Ne4 20.Rc2 c5 21.Rcc1 Ba4 22.Qa2 Bb5 23.Rfd1 c4
24.Nde5 c3 25.Ba1 c2 26.Re1 Bxe5 27.dxe5 Ba4 28.Bf1 Qd7 29.Bc4 Rfe8 30.Bd4 Rc7
31.Bb3 Bxb3 32.Qxb3 Rec8 33.Re2 Nc3 34.Rd2 Qc6 35.Ne1 Qc4 36.Qxc4 Rxc4 37.Kf1
Nb1 38.Rdxc2 Nxa3 39.Rxc4 Rxc4 40.Rxc4 Nxc4 41.Nd3 Kg8 42.Ke2 Kf7 43.Kd1 a5
44.bxa5 bxa5 45.Kc2 Ne7 46.Kc3 Na3 47.Kb3 Nb5 48.Bb6 Nc6 49.Kc4 Na3+ 50.Kc5 Nb4
51.Nb2 Nac2 52.Bxa5 Nd5 53.Nd3 g5 54.h3 Ke7 55.Kc6 h5 56.Bd2 Kf7 57.Kb5 Na3+
58.Kc5 Nb1 59.Bb4 Nxb4 60.Kxb4 Nd2 61.Kc5 Ke7 62.h4 gxh4 63.gxh4 Nf3 64.Nf4 Nxe5
65.Nxh5 Nd3+ 66.Kd4 Nxf2 67.Ke5 Nd3+ 68.Kd4 Ne1 69.e4 Nf3+ 70.Ke3 fxe4 71.Kxe4
Nxh4 72.Nf4 Kf6 73.Nxe6 1/2-1/2

[Event "2. Bundesliga Mitte 2011/12"]
[Site "St.Valentin"]
[Date "2011.10.22"]
[Round "2"]
[Board "2"]
[White "Supancic, Darko"]
[Black "Schachinger, Mario"]
[Result "1-0"]
[WhiteElo "2368"]
[BlackElo "2386"]
[PlyCount "51"]
[EventDate "2011.10.21"]
[EventType "team"]
[EventRounds "11"]
[EventCountry "AUT"]
[WhiteTeam "Strassenbahn Graz"]
[BlackTeam "SK MPOE Maria Saal"]

1.d4 d5 2.Nf3 c6 3.Bf4 Nf6 4.e3 Bg4 5.Nbd2 e6 6.Bd3 Bd6 7.Bg3 Bxg3 8.hxg3 Nbd7
9.c4 h6 10.Qb3 Bxf3 11.gxf3 Qb6 12.cxd5 exd5 13.O-O O-O 14.Kg2 Rfd8 15.Rac1 a5
16.Rfd1 a4 17.Qc3 Ra5 18.Qa3 c5 19.dxc5 Nxc5 20.Nb1 Qa7 21.Nc3 Ne6 22.Bf5 Nf8
23.Ne2 d4 24.Rxd4 Qb8 25.Rxd8 Qxd8 26.Rc8 1-0

[Event "2. Bundesliga Mitte 2011/12"]
[Site "St.Valentin"]
[Date "2011.10.22"]
[Round "2"]
[Board "3"]
[White "Hartl, Daniel"]
[Black "Krebs, Johann"]
[Result "0-1"]
[WhiteElo "2272"]
[BlackElo "2284"]
[PlyCount "184"]
[EventDate "2011.10.21"]
[EventType "team"]
[EventRounds "11"]
[EventCountry "AUT"]
[WhiteTeam "SK MPOE Maria Saal"]
[BlackTeam "Strassenbahn Graz"]

1.d4 Nf6 2.c4 c5 3.d5 d6 4.Nc3 g6 5.e4 Bg7 6.Bd3 O-O 7.h3 e6 8.Nf3 exd5 9.exd5
Re8+ 10.Be3 Bh6 11.O-O Bxe3 12.fxe3 Qe7 13.e4 Nbd7 14.Qd2 Kg7 15.Nb5 Rb8 16.Nxa7
Ne5 17.Nxe5 Qxe5 18.Nb5 Bd7 19.Nc3 Re7 20.Rf3 Ra8 21.Raf1 Ne8 22.Qf2 f6 23.Kh1
Rf7 24.a3 b6 25.Qc2 Nc7 26.Qc1 Ne8 27.Rf4 Nc7 28.Qd1 Ra5 29.Qb3 Ra6 30.R4f2 Rf8
31.Be2 h5 32.Qd1 Raa8 33.Bd3 Ra5 34.Qe2 Raa8 35.Bc2 Ra5 36.Qd2 Ra7 37.Bd3 Raa8
38.Nd1 Rf7 39.Ne3 Ne8 40.Rb1 Re7 41.Nc2 Ba4 42.Ne1 Bd7 43.Rf4 g5 44.Rf1 Kh8
45.Qf2 Rg7 46.Nf3 Qe7 47.Ng1 Qe5 48.g3 Ra7 49.Qe3 Ra8 50.Rf2 Nc7 51.Rbf1 Rf8
52.Kg2 Ne8 53.Nf3 Bxh3+ 54.Kh2 Qe7 55.Kxh3 g4+ 56.Kg2 gxf3+ 57.Qxf3 Qe5 58.Qf4
Rfg8 59.Qxe5 fxe5 60.Rf3 h4 61.Rh1 Rxg3+ 62.Kf2 Rxf3+ 63.Kxf3 Rg3+ 64.Ke2 Rg4
65.b4 cxb4 66.axb4 Nf6 67.c5 dxc5 68.bxc5 bxc5 69.d6 c4 70.Bxc4 Rxe4+ 71.Kd3
Rd4+ 72.Kc3 Ne4+ 73.Kb3 Nxd6 74.Ba6 Kg7 75.Rf1 Kg6 76.Kc2 Kg5 77.Be2 h3 78.Rh1
Rh4 79.Kd3 Kf4 80.Rf1+ Kg3 81.Rf3+ Kg2 82.Rf6 Nc4 83.Bf3+ Kg3 84.Bh1 Nb2+ 85.Ke2
Rf4 86.Rg6+ Kh2 87.Bd5 Rd4 88.Be6 Nd3 89.Rg5 Nf4+ 90.Kf3 Nxe6 91.Rxe5 Rf4+
92.Ke3 Rf6 0-1

[Event "2. Bundesliga Mitte 2011/12"]
[Site "St.Valentin"]
[Date "2011.10.22"]
[Round "2"]
[Board "4"]
[White "Pesorda, Ivan"]
[Black "Halvax, Georg"]
[Result "1-0"]
[WhiteElo "2278"]
[BlackElo "2326"]
[PlyCount "79"]
[EventDate "2011.10.21"]
[EventType "team"]
[EventRounds "11"]
[EventCountry "AUT"]
[WhiteTeam "Strassenbahn Graz"]
[BlackTeam "SK MPOE Maria Saal"]

1.d4 d5 2.c4 e6 3.Nc3 c6 4.Nf3 Nf6 5.cxd5 exd5 6.Qc2 Bg4 7.Bg5 Be7 8.e3 Nbd7
9.Bd3 O-O 10.Ne5 Nxe5 11.dxe5 Nd7 12.Bf4 h6 13.h3 Be6 14.Bh2 Nc5 15.f4 f5 16.Be2
b5 17.O-O Qb6 18.Kh1 a5 19.Bg1 Ne4 20.Nxe4 dxe4 21.g4 g6 22.Rac1 Rac8 23.a4 Kh7
24.Bf2 bxa4 25.Qxa4 Bb3 26.Qa1 Bb4 27.gxf5 gxf5 28.Bc4 Bd2 29.Bxb3 Bxc1 30.Qa3
Bxb2 31.Qe7+ Kh8 32.Bh4 Qc7 33.Bf6+ Rxf6 34.Qxf6+ Qg7 35.Qxf5 Rf8 36.Qe6 a4
37.Rg1 Qh7 38.Ba2 Ba3 39.Rg6 Rf6 40.Rg8+ 1-0

[Event "2. Bundesliga Mitte 2011/12"]
[Site "St.Valentin"]
[Date "2011.10.22"]
[Round "2"]
[Board "5"]
[White "Rieger, Robert"]
[Black "Steiner, Stefan"]
[Result "1-0"]
[WhiteElo "2167"]
[BlackElo "2272"]
[PlyCount "51"]
[EventDate "2011.10.21"]
[EventType "team"]
[EventRounds "11"]
[EventCountry "AUT"]
[WhiteTeam "SK MPOE Maria Saal"]
[BlackTeam "Strassenbahn Graz"]

1.e4 c5 2.Nf3 e6 3.d4 cxd4 4.Nxd4 Bc5 5.Nb3 Bb6 6.Nc3 Ne7 7.Bd3 O-O 8.O-O f5
9.Bg5 fxe4 10.Nxe4 d5 11.Nc3 Nbc6 12.Qh5 g6 13.Qh4 Qd7 14.Rad1 Nf5 15.Bxf5 gxf5
16.Rfe1 Qf7 17.Rd3 f4 18.Nb5 e5 19.Nd6 Qg6 20.Rxd5 Be6 21.Rd2 Bxb3 22.axb3 Nd4
23.Rxe5 Qxd6 24.Bxf4 Rxf4 25.Qxf4 Ne2+ 26.Rdxe2 1-0

[Event "2. Bundesliga Mitte 2011/12"]
[Site "St.Valentin"]
[Date "2011.10.22"]
[Round "2"]
[Board "6"]
[White "Schink, Barbara"]
[Black "Horvath, Gabor"]
[Result "1/2-1/2"]
[WhiteElo "2069"]
[BlackElo "2269"]
[PlyCount "54"]
[EventDate "2011.10.21"]
[EventType "team"]
[EventRounds "11"]
[EventCountry "AUT"]
[WhiteTeam "Strassenbahn Graz"]
[BlackTeam "SK MPOE Maria Saal"]

1.e4 c5 2.Nf3 Nc6 3.d4 cxd4 4.Nxd4 e5 5.Nb5 d6 6.N1c3 a6 7.Na3 Be6 8.Nc4 b5
9.Ne3 Nf6 10.g3 Be7 11.Bg2 O-O 12.O-O Rc8 13.Ncd5 Na5 14.c3 Nxd5 15.Nxd5 Nc4
16.Qd3 Kh8 17.a4 Bxd5 18.exd5 f5 19.axb5 axb5 20.b3 e4 21.Qe2 Ne5 22.Bd2 Bf6
23.Qxb5 Rc5 24.Qb7 Rc7 25.Qb5 Rc5 26.Qb7 Rc7 27.Qb5 Rc5 1/2-1/2

[Event "2. Bundesliga Mitte 2011/12"]
[Site "St.Valentin"]
[Date "2011.10.22"]
[Round "2"]
[Board "1"]
[White "Gergacz, Attila"]
[Black "Neubauer, Martin"]
[Result "0-1"]
[WhiteElo "2426"]
[BlackElo "2431"]
[PlyCount "102"]
[EventDate "2011.10.21"]
[EventType "team"]
[EventRounds "11"]
[EventCountry "AUT"]
[WhiteTeam "SV Steyregg"]
[BlackTeam "SV ASVOE Fundermax St. Veit/Glan"]

1.e4 c5 2.Nf3 d6 3.d4 Nf6 4.Nc3 cxd4 5.Nxd4 g6 6.Be3 Bg7 7.Be2 Nc6 8.O-O O-O
9.Nb3 Be6 10.f4 Na5 11.Nd4 Bc4 12.Bd3 Qd7 13.h3 Rfd8 14.Qe2 Bxd3 15.cxd3 e5
16.Nc2 Nh5 17.Nd5 Ng3 18.Qd2 Nxf1 19.Rxf1 Nc6 20.f5 gxf5 21.Rxf5 f6 22.Nxf6+
Bxf6 23.Rxf6 Rf8 24.Rh6 Rf7 25.Nb4 Nxb4 26.Qxb4 Rg7 27.d4 Qf7 28.Qb3 Qxb3
29.axb3 Rg6 30.Rh5 exd4 31.Bxd4 Re8 32.e5 dxe5 33.Bxe5 Rb6 34.Bc3 Rxb3 35.Rg5+
Kf8 36.Rf5+ Ke7 37.Rh5 a6 38.Rxh7+ Kd6 39.Rh6+ Re6 40.Rh7 b5 41.Ra7 Kc5 42.Bg7
Rg3 43.Bf8+ Kc4 44.Kh2 Reg6 45.Rc7+ Kb3 46.Rc3+ Rxc3 47.bxc3 a5 48.h4 a4 49.Kh3
Rc6 50.h5 a3 51.h6 a2 0-1

[Event "2. Bundesliga Mitte 2011/12"]
[Site "St.Valentin"]
[Date "2011.10.22"]
[Round "2"]
[Board "2"]
[White "Hebesberger, Thomas"]
[Black "Nemeth, Miklos"]
[Result "0-1"]
[WhiteElo "2329"]
[BlackElo "2438"]
[PlyCount "52"]
[EventDate "2011.10.21"]
[EventType "team"]
[EventRounds "11"]
[EventCountry "AUT"]
[WhiteTeam "SV ASVOE Fundermax St. Veit/Glan"]
[BlackTeam "SV Steyregg"]

1.c4 e5 2.g3 Nf6 3.Bg2 d5 4.cxd5 Nxd5 5.Nf3 Nc6 6.d3 Be7 7.O-O O-O 8.a3 Re8 9.b4
Bf6 10.e4 Nb6 11.Be3 Bg4 12.Qc2 Qd7 13.Nbd2 Rad8 14.Nb3 Qxd3 15.Qxd3 Rxd3 16.Nc5
Rc3 17.Nxb7 Nd4 18.Nxd4 exd4 19.Bf4 g5 20.Bc1 Rc2 21.Rb1 d3 22.e5 Rxe5 23.Bb2
Rxb2 24.Rxb2 Nc4 25.Rb3 Be2 26.Rfb1 Nd2 0-1

[Event "2. Bundesliga Mitte 2011/12"]
[Site "St.Valentin"]
[Date "2011.10.22"]
[Round "2"]
[Board "3"]
[White "Webersberger, Johann"]
[Black "Kaspret, Guido"]
[Result "1/2-1/2"]
[WhiteElo "2380"]
[BlackElo "2292"]
[PlyCount "83"]
[EventDate "2011.10.21"]
[EventType "team"]
[EventRounds "11"]
[EventCountry "AUT"]
[WhiteTeam "SV Steyregg"]
[BlackTeam "SV ASVOE Fundermax St. Veit/Glan"]

1.g3 c5 2.Bg2 Nc6 3.c4 g6 4.Nc3 Bg7 5.Nf3 d6 6.O-O Be6 7.d3 Nf6 8.Ng5 Bd7 9.f4
Qc8 10.Rb1 h6 11.Nf3 Bh3 12.e4 O-O 13.Be3 Bd7 14.Kh1 a6 15.Qd2 b5 16.Bg1 Rb8
17.Rfe1 Rd8 18.Nd5 e6 19.Nxf6+ Bxf6 20.g4 Bg7 21.f5 exf5 22.exf5 Ne5 23.fxg6
fxg6 24.h3 Bc6 25.Nxe5 dxe5 26.cxb5 axb5 27.Bxc6 Qxc6+ 28.Qg2 Qxg2+ 29.Kxg2 Rxd3
30.Bxc5 Rc8 31.b4 Ra8 32.Rbd1 Rxa2+ 33.Bf2 e4 34.Rxd3 exd3 35.Kf3 Bc3 36.Re8+
Kf7 37.Rd8 d2 38.Be3 Bxb4 39.Bxh6 Ra3+ 40.Ke4 Ra1 41.Bxd2 Rd1 42.Bg5 1/2-1/2

[Event "2. Bundesliga Mitte 2011/12"]
[Site "St.Valentin"]
[Date "2011.10.22"]
[Round "2"]
[Board "4"]
[White "Dietmayer-Kraeutler, Marco"]
[Black "Wiesinger, Robert"]
[Result "0-1"]
[WhiteElo "2222"]
[BlackElo "2277"]
[PlyCount "143"]
[EventDate "2011.10.21"]
[EventType "team"]
[EventRounds "11"]
[EventCountry "AUT"]
[WhiteTeam "SV ASVOE Fundermax St. Veit/Glan"]
[BlackTeam "SV Steyregg"]

1.d4 c6 2.Nf3 d5 3.c4 e6 4.e3 Bd6 5.Nc3 f5 6.Bd3 Nf6 7.O-O O-O 8.Ne5 b6 9.Qc2
Ba6 10.b3 Qe7 11.Bb2 Rc8 12.a4 Nbd7 13.f4 Ne4 14.Nxe4 dxe4 15.Be2 Nxe5 16.fxe5
Bb4 17.Bc3 Rd8 18.Qd2 Bxc3 19.Qxc3 c5 20.Rab1 Bb7 21.d5 exd5 22.cxd5 Bxd5
23.Rxf5 Qe6 24.Bg4 Qg6 25.Rf4 Rf8 26.Qd2 Qc6 27.Qc2 Rfe8 28.e6 Bxe6 29.Qxe4 Qxe4
30.Rxe4 Bxg4 31.Rxg4 Rxe3 32.b4 cxb4 33.Rbxb4 Re2 34.h4 Re5 35.Rbd4 Rae8 36.Kh2
g6 37.Rgf4 Rf8 38.Rg4 Kg7 39.Rg3 Ref5 40.Rc3 Rf4 41.Rd7+ R8f7 42.Rxf7+ Rxf7
43.a5 bxa5 44.Rc5 Kf6 45.Rxa5 Ke6 46.h5 gxh5 47.Kh3 Kd6 48.Kh4 Kc6 49.Kxh5 Kb6
50.Ra2 a5 51.g4 Kb5 52.Kh6 a4 53.g5 Ra7 54.Ra1 Kb4 55.Rb1+ Kc3 56.Ra1 Kb3
57.Rb1+ Kc4 58.Rc1+ Kb4 59.Rb1+ Ka5 60.Ra1 Rd7 61.Rf1 a3 62.Rf3 Kb4 63.Rf4+ Kb3
64.Rf3+ Kb2 65.Rf2+ Kc3 66.Rf8 Ra7 67.Rf2 a2 68.Rxa2 Rxa2 69.Kxh7 Kd4 70.g6 Ke5
71.g7 Kf6 72.g8=N+ {Flag!!} 0-1

[Event "2. Bundesliga Mitte 2011/12"]
[Site "St.Valentin"]
[Date "2011.10.22"]
[Round "2"]
[Board "6"]
[White "Kuess, Mario"]
[Black "Kubinger, Thomas"]
[Result "1/2-1/2"]
[WhiteElo "2106"]
[BlackElo "2170"]
[PlyCount "64"]
[EventDate "2011.10.21"]
[EventType "team"]
[EventRounds "11"]
[EventCountry "AUT"]
[WhiteTeam "SV ASVOE Fundermax St. Veit/Glan"]
[BlackTeam "SV Steyregg"]

1.f4 d5 2.Nf3 Nf6 3.e3 Bg4 4.Be2 Nbd7 5.Ne5 Bxe2 6.Qxe2 c6 7.b3 Qc7 8.Bb2 e6
9.d3 Bd6 10.Nxd7 Qxd7 11.Nd2 O-O-O 12.Nf3 Qe7 13.Ne5 Rdf8 14.O-O-O Ba3 15.Kb1
Bxb2 16.Kxb2 Nd7 17.Nxd7 Qxd7 18.Rhf1 f6 19.Qd2 Rd8 20.Qa5 Kb8 21.d4 Rhe8 22.Qc3
f5 23.Qb4 Qe7 24.Qxe7 Rxe7 25.c4 Rg8 26.c5 g5 27.g3 h5 28.fxg5 Rxg5 29.Rf4 Rg4
30.Rdf1 Rh7 31.R1f2 Kc7 32.Kc3 Kd7 1/2-1/2

[Event "2. Bundesliga Mitte 2011/12"]
[Site "St.Valentin"]
[Date "2011.10.22"]
[Round "2"]
[Board "1"]
[White "Flumbort, Andras"]
[Black "Pilaj, Herwig"]
[Result "1-0"]
[WhiteElo "2539"]
[BlackElo "2362"]
[PlyCount "55"]
[EventDate "2011.10.21"]
[EventType "team"]
[EventRounds "11"]
[EventCountry "AUT"]
[WhiteTeam "ASK St. Valentin"]
[BlackTeam "SC Die Klagenfurter"]

1.d4 d5 2.c4 c6 3.Nc3 Nf6 4.e3 g6 5.Nf3 Bg7 6.Be2 O-O 7.O-O b6 8.Ne5 Bb7 9.cxd5
cxd5 10.Qb3 Nbd7 11.Nxd7 Qxd7 12.a4 Rab8 13.a5 Bc6 14.axb6 axb6 15.Ra6 Qb7
16.Bd2 Nd7 17.Na2 e5 18.Nb4 exd4 19.exd4 Bxd4 20.Ra7 Qc8 21.Nxd5 Qd8 22.Bf3 Nc5
23.Qc4 Bxd5 24.Bxd5 Bxb2 25.Bxf7+ Kg7 26.Qf4 Kh8 27.Qh6 Qf6 28.Bg8 1-0

[Event "2. Bundesliga Mitte 2011/12"]
[Site "St.Valentin"]
[Date "2011.10.22"]
[Round "2"]
[Board "2"]
[White "Wertjanz, David"]
[Black "Gonda, Laszlo"]
[Result "1/2-1/2"]
[WhiteElo "2257"]
[BlackElo "2520"]
[PlyCount "64"]
[EventDate "2011.10.21"]
[EventType "team"]
[EventRounds "11"]
[EventCountry "AUT"]
[WhiteTeam "SC Die Klagenfurter"]
[BlackTeam "ASK St. Valentin"]

1.e4 e5 2.Nf3 Nc6 3.Bb5 a6 4.Ba4 Nge7 5.c3 g6 6.O-O Bg7 7.d4 exd4 8.cxd4 b5
9.Bb3 d6 10.h3 O-O 11.Nc3 Na5 12.Bc2 c5 13.dxc5 dxc5 14.Qxd8 Rxd8 15.Be3 Nb7
16.e5 Nc6 17.Bg5 Re8 18.Bf6 Nxe5 19.Bxe5 Bxe5 20.Rfe1 f6 21.Nxe5 Rxe5 22.Rxe5
fxe5 23.Re1 Bd7 24.Be4 Rb8 25.Bd5+ Kf8 26.Rxe5 Nd6 27.Bf3 c4 28.Nd5 Nf7 29.Re3
Rd8 30.Nc7 Bc8 31.Bd5 Nd6 32.g4 b4 1/2-1/2

[Event "2. Bundesliga Mitte 2011/12"]
[Site "St.Valentin"]
[Date "2011.10.22"]
[Round "2"]
[Board "3"]
[White "Sandhoefner, Florian"]
[Black "Genser, Harald"]
[Result "1-0"]
[WhiteElo "2201"]
[BlackElo "2291"]
[PlyCount "73"]
[EventDate "2011.10.21"]
[EventType "team"]
[EventRounds "11"]
[EventCountry "AUT"]
[WhiteTeam "ASK St. Valentin"]
[BlackTeam "SC Die Klagenfurter"]

1.e4 c6 2.c4 d5 3.cxd5 cxd5 4.exd5 Nf6 5.Qa4+ Nbd7 6.Nc3 g6 7.Nf3 Bg7 8.Qb3 O-O
9.Bc4 a6 10.a4 Nb6 11.d3 Nxc4 12.dxc4 e6 13.O-O exd5 14.cxd5 Qd6 15.h3 Rd8
16.Rd1 b6 17.Be3 Nd7 18.Bd4 Bxd4 19.Rxd4 Bb7 20.Rad1 Nf6 21.Ng5 Rab8 22.Nge4
Nxe4 23.Nxe4 Qe5 24.Qxb6 Kg7 25.Qa5 h6 26.Qd2 Ba8 27.Nc3 Rbc8 28.Rh4 g5 29.Qd4
f6 30.Re4 Qxd4 31.Rexd4 Rb8 32.b4 Rbc8 33.R1d3 f5 34.b5 a5 35.g4 Re8 36.gxf5
Re1+ 37.Kg2 1-0

[Event "2. Bundesliga Mitte 2011/12"]
[Site "St.Valentin"]
[Date "2011.10.22"]
[Round "2"]
[Board "5"]
[White "Heimberger, Reinhard"]
[Black "Titz, Heimo"]
[Result "1/2-1/2"]
[WhiteElo "2313"]
[BlackElo "2202"]
[PlyCount "102"]
[EventDate "2011.10.21"]
[EventType "team"]
[EventRounds "11"]
[EventCountry "AUT"]
[WhiteTeam "ASK St. Valentin"]
[BlackTeam "SC Die Klagenfurter"]

1.d4 Nf6 2.g3 e6 3.Bg2 c5 4.e3 Nc6 5.Nf3 d5 6.O-O Qc7 7.b3 cxd4 8.exd4 b6 9.c4
Bb7 10.Nc3 Bb4 11.Bf4 Qd7 12.cxd5 Nxd5 13.Nxd5 exd5 14.Qe2+ Be7 15.Rac1 O-O
16.Rxc6 Bxc6 17.Ne5 Qe6 18.Qh5 g6 19.Qh6 Bd7 20.Nd3 Qf5 21.Be5 f6 22.Bxd5+ Kh8
23.Re1 Qxd3 24.Be4 Qxe4 25.Rxe4 fxe5 26.dxe5 Bc6 27.Re2 Bf3 28.Re1 Bb4 29.Rc1
Rad8 30.Qh4 Bd2 31.Rf1 Rde8 32.e6 Bc3 33.Qc4 Bf6 34.Re1 Re7 35.Re3 Bb7 36.f4 Rc8
37.Qd3 Kg7 38.g4 Rc1+ 39.Kf2 Bh4+ 40.Ke2 Rec7 41.Kd2 Be7 42.a3 Ra1 43.g5 Rcc1
44.Qd4+ Kg8 45.Qa4 Rd1+ 46.Kc2 Rac1+ 47.Kb2 Rb1+ 48.Kc2 Rbc1+ 49.Kb2 Rb1+ 50.Kc2
Rdc1+ 51.Kd2 Rd1+ 1/2-1/2

[Event "2. Bundesliga Mitte 2011/12"]
[Site "St.Valentin"]
[Date "2011.10.22"]
[Round "2"]
[Board "6"]
[White "Singer, Hans"]
[Black "Trauner, Rudolf"]
[Result "1/2-1/2"]
[WhiteElo "2260"]
[BlackElo "2195"]
[PlyCount "62"]
[EventDate "2011.10.21"]
[EventType "team"]
[EventRounds "11"]
[EventCountry "AUT"]
[WhiteTeam "SC Die Klagenfurter"]
[BlackTeam "ASK St. Valentin"]

1.Nf3 d5 2.d4 e6 3.c4 Nf6 4.Nc3 Be7 5.Bg5 O-O 6.e3 h6 7.Bh4 Ne4 8.Bxe7 Qxe7
9.Qb3 c6 10.Bd3 Nxc3 11.Qxc3 Nd7 12.O-O dxc4 13.Bxc4 c5 14.Bb5 b6 15.Bc6 Rb8
16.dxc5 Qxc5 17.Rac1 Qxc3 18.Rxc3 Nf6 19.Rfc1 Rd8 20.Nd4 Bb7 21.Bxb7 Rxb7 22.Kf1
g6 23.Ke2 Kg7 24.Rc7 Rd7 25.Rxb7 Rxb7 26.f3 Nd5 27.a3 Kf6 28.Rc2 Rc7 29.Rxc7
Nxc7 30.Kd3 e5 31.Nc2 Ke6 1/2-1/2

[Event "2. Bundesliga Mitte 2011/12"]
[Site "St.Valentin"]
[Date "2011.10.22"]
[Round "2"]
[Board "1"]
[White "Karner, Christoph"]
[Black "Babula, Vlastimil"]
[Result "0-1"]
[WhiteElo "2381"]
[BlackElo "2572"]
[PlyCount "100"]
[EventDate "2011.10.21"]
[EventType "team"]
[EventRounds "11"]
[EventCountry "AUT"]
[WhiteTeam "ESV Austria Graz"]
[BlackTeam "Union Ansfelden"]

1.d4 Nf6 2.c4 e6 3.g3 Bb4+ 4.Nd2 O-O 5.Bg2 d5 6.Ngf3 dxc4 7.Qc2 a5 8.a4 b6 9.O-O
Bb7 10.Rd1 Na6 11.Nxc4 Be4 12.Qb3 Qd5 13.Bf4 Rac8 14.Qa2 Be7 15.b3 Nb4 16.Qb2
Qb7 17.Rac1 Rfd8 18.h3 Nfd5 19.Ncd2 Nxf4 20.gxf4 Bd5 21.Qb1 g6 22.e4 Bc6 23.Ne5
Be8 24.Ndc4 c6 25.Ne3 Qb8 26.f5 exf5 27.exf5 c5 28.Qe4 Rxd4 29.Rxd4 cxd4 30.N3c4
Bf6 31.Ng4 Bg7 32.f6 Bf8 33.Qxd4 b5 34.axb5 Qxb5 35.Rc3 Qg5 36.Nce5 Rxc3 37.Qxc3
Qf5 38.Nc4 h5 39.Nge3 Qb1+ 40.Kh2 Qd3 41.Qe5 Qd8 42.Nd5 Nxd5 43.Bxd5 Bd7 44.Qg5
Bf5 45.Ne3 Kh7 46.Qh4 Bh6 47.Qd4 Qd6+ 48.Kg2 Be6 49.Qc4 Bxe3 50.Bxe6 Qd2 0-1